Πρακτική αριθμητική : δια τα ελληνικά σχολεία, τα αστικά και τα ανώτερα παρθεναγωγεία

Αποθηκεύτηκε σε:
Λεπτομέρειες βιβλιογραφικής εγγραφής
Κύριος συγγραφέας: Σακελλαρίου, Νείλος
Μορφή: Βιβλίο
Γλώσσα:Greek
Δημοσίευση: Εν Αθήναις : Βιβλιοπωλείον Ιωάννου Ν. Σιδέρη, 1923.
Έκδοση:8η έκδ., βελτ.
Θέματα:
Ετικέτες: Προσθήκη ετικέτας
Δεν υπάρχουν, Καταχωρήστε ετικέτα πρώτοι!

MARC

LEADER 00000cam a2200000 a 4500
001 1/107674
008 150724r19231917gr | ||| |||| ||gre||
040 |a GR-MyUa  |b gre  |c GR-MyUa  |e AACR2 
041 0 |a gre 
082 7 |a 513   |2 (23) 
100 1 |a Σακελλαρίου, Νείλος. 
245 1 0 |a Πρακτική αριθμητική :   |b δια τα ελληνικά σχολεία, τα αστικά και τα ανώτερα παρθεναγωγεία /   |c Νείλου Σακελλάριου.  
250 |a 8η έκδ., βελτ. 
260 |a Εν Αθήναις :   |b Βιβλιοπωλείον Ιωάννου Ν. Σιδέρη,   |c 1923.  
300 |a 238, [4] σ. ;   |c 21 εκ. 
500 |a Έκδοσις όγδοη (βελτιωμένη, με εξαγώμενα των ασκήσεων και προβλημάτων ακριβή βλέπε σελ. 239).  
650 0 |a Arithmetic  |x Study and teaching. 
852 |a INST  |b SAMOS  |e 20150724  |h 513 ΣΑΚ  |p 005300042473  |q 005300042473  |t BK  |y 0 
970 |a Γουβάλα  |b Βάσω  |z 24-07-2015